000 00313nam a2200133Ia 4500
008 230818s2006 xx 000 0 und d
041 _aeng
100 _aAbbott Lewrey
245 _aFront Office
260 _bElsevier Butter Worth
_c2006
300 _a211p
520 _aGeneral
999 _c852170
_d852170
650 _aHotel Front office